Places - 1 - Statistics

General Stats
  • This quiz has been taken 12 times
  • The average score is 9 of 16
Answer Stats
Picture Answer % Correct
Cyprus
100%
Great Lakes
100%
England
91%
Gibraltar
91%
Sinai
91%
Florida
82%
North Island
82%
Falkland Islands
64%
Dakar
45%
Persian Gulf
45%
New Orleans
36%
Lagos
18%
The Congos
18%
Darién Gap
9%
Komodo Island
9%
Mount Kilimanjaro
9%
No matching quizzes found
Score Distribution
Percent of People with Each Score
Percentile by Number Answered
Your Score History
You have not taken this quiz